Sociálne siete ako marketingový nástroj v podnikoch cestovného ruchu bakalárska práca

Uložené v:
Podrobná bibliografia
Hlavný autor: Halaj, Ján
Korporativný autor: Obchodná fakulta EU. Katedra služieb a cestovného ruchu - zrušené
Ďalší autori: Rudolf, Ján, 1977-
Médium: Kniha
Jazyk:Slovak
Vydavateľské údaje: Bratislava 2014
Tagy: Pridať tag
Žiadne tagy, Buďte prvý, kto otaguje tento záznam!

MARC

LEADER 00000nbm a2200000 4500
001 0188220
005 20170201100630.0
041 0 |a slo 
044 |a SK 
245 1 0 |a Sociálne siete ako marketingový nástroj v podnikoch cestovného ruchu  |b bakalárska práca  |c Ján Halaj ; školiteľ: Ján Rudolf 
264 1 |a Bratislava  |c 2014 
300 |a 53 s. 
100 1 |a Halaj, Ján 
700 1 |a Rudolf, Ján, 1977- 
710 2 |a Obchodná fakulta EU. Katedra služieb a cestovného ruchu - zrušené